| 000 | 00817nam a22002417a 4500 | ||
|---|---|---|---|
| 001 | 5443 | ||
| 003 | FISKH | ||
| 005 | 20241206144745.0 | ||
| 008 | 241206b cb ||||| |||| 00| 0 eng d | ||
| 020 | _a9787511037404 | ||
| 040 |
_aFISKH _bChi _cFISKH _dFISKH |
||
| 050 | _aPZ7 | ||
| 082 | _a590 | ||
| 100 | _aQuentricusegarten, Lauranne | ||
| 245 | _aFarm adventure / | ||
| 260 |
_aWien : _bDolphin Book, _c2013 |
||
| 300 |
_a24 unnumbered pages : _bcolor illustrations ; _c29 cm |
||
| 520 | _aA boy need an egg to make a birthday cake. So, he asked the farmer to give him egg. All animals in the farm love the farmer and a boy. They all are good friends. They make a cake for grandma together. | ||
| 650 |
_aFarm _vAnimals |
||
| 700 |
_aDurr, Gisela _eIllustrator |
||
| 942 |
_2ddc _cBOOK _n0 |
||
| 999 |
_c5443 _d5443 |
||